000 01048nam a2200229 i 4500
001 162962
003 ES-MaACL
005 20250831075150.0
008 990701s1848 fr |||| | fre d
040 _aGA
_bspa
_cCCPB | 3D
100 1 _aRanke, Leopold von.
_995425
245 1 0 _aHistoire de la papauté pendant les seizième et dix-septième siècles /
_cpar L. Ranke ; traduite de l'allemand par J.-B. Haiber ; publiée, augmentée d'une introduction et de nombreuses notes historiques et critiques, continuée jusqu'a nos jours par A. de Saint-Cheron.
250 _a2ème éd. corr. et considérablement augm. d'après la 2éme ed. allemande.
260 _aParis :
_bSagnier et Bray,
_c1848 (
_fImprimerie Bailly, Divry et Comp.)
300 _a2 v. ;
_c22 cm.
650 0 4 _aPapas-
_xHistoria.
_915819
650 0 7 _aReforma
_2embne
_916717
700 1 _aSaint-Cheron, A. de.
_9132279
700 1 _aHaiber, J.-B.
_9127761
852 _aES-MaACL
_jF-13364-65
_z-- Enc. pasta española
_z.- Vol. II y III
999 _c162962
_d162962